[Event "Challenge"]
[Site "http://www.queenalice.com/game.php?id=1122499"]
[Date "2012.11.15"]
[Round "-"]
[White "ZUMBI"]
[Black "daxois"]
[Result "0-1"]
[WhiteElo "2120"]
[BlackElo "2202"]

1. e4 c5 2. Nc3 d6 3. Nf3 Nf6 4. d4 cxd4 5. Nxd4 a6 6. Bg5 e6 7. Qe2 h6 8. Bh4
g5 9. Bg3 Qb6 10. Na4 Qxd4 11. Nc3 e5 12. h4 g4 13. Rd1 Qb4 14. Rb1 Be6 15. a3
Qa5 16. Qd3 Nbd7 17. Be2 Rc8 18. O-O Be7 19. Bh2 Nc5 20. Qd2 Na4 21. f3 Nxc3 22.
bxc3 b5 23. f4 Nxe4 24. Qe3 d5 25. fxe5 Bc5 26. Qxc5 Rxc5 27. h5 Rxc3 28. a4
Qb6+ 29. Kh1 Nf2+ 30. Kg1 Nh3+ 31. Kh1 Nf2+ 32. Kg1 Ne4+ 33. Kh1 g3 34. axb5 Nd2
35. bxa6 Nxb1 36. Bxg3 Rxg3 37. Kh2 Rhg8 38. Bf3 Nd2 39. Re1 Nxf3+ 40. gxf3 Rh3#
0-1

[Event "Challenge"]
[Site "http://www.queenalice.com/game.php?id=1126446"]
[Date "2012.11.28"]
[Round "-"]
[White "daxois"]
[Black "Rafale2000"]
[Result "1-0"]
[WhiteElo "2153"]
[BlackElo "2102"]

1. e4 Nf6 2. e5 Nd5 3. d4 d6 4. Nf3 Bg4 5. Be2 c6 6. O-O Bxf3 7. Bxf3 dxe5 8.
dxe5 e6 9. Qe2 Qc7 10. c4 Nb6 11. Bf4 N8d7 12. Rd1 O-O-O 13. a3 Be7 14. Nc3 Nc5
15. b4 Nb3 16. c5 Nd5 17. Nxd5 1-0

[Event "Challenge"]
[Site "http://www.queenalice.com/game.php?id=1126461"]
[Date "2012.11.28"]
[Round "-"]
[White "daxois"]
[Black "clovis"]
[Result "1-0"]
[WhiteElo "2173"]
[BlackElo "1954"]

1. e4 e5 2. Nf3 Nc6 3. c4 Nf6 4. Nc3 Bc5 5. h3 d6 6. Bd3 Be6 7. a3 O-O 8. O-O
Qd7 9. Ng5 h6 10. Nxe6 fxe6 11. b4 Bd4 12. Rb1 Qf7 13. Ne2 Nh5 14. Nxd4 Nxd4 15.
Bb2 Nf4 16. Bxd4 exd4 17. Qf3 e5 18. Bc2 d3 19. Bxd3 Qg6 20. Bc2 Ne6 21. Qg3
Qxg3 22. fxg3 Nd4 23. Bd3 Rxf1+ 24. Kxf1 Rf8+ 25. Kg1 Rf6 26. Rc1 Kf7 27. c5 Ke6
28. cxd6 Kxd6 29. Rc5 Rg6 30. Rd5+ Ke6 31. Bc4 b5 32. Rxb5+ Kf6 33. g4 Nxb5 34.
Bxb5 Kg5 35. g3 h5 36. gxh5 Rd6 37. d3 Kxh5 38. Kf2 Rf6+ 39. Ke3 Rf1 40. d4
exd4+ 41. Kxd4 Rd1+ 42. Bd3 Rh1 43. e5 Re1 44. b5 Kg5 45. a4 g6 46. h4+ Kh6 47.
g4 Rg1 48. Be2 Ra1 49. Kd5 Rxa4 50. e6 Kg7 51. h5 g5 52. h6+ 1-0

[Event "Challenge"]
[Site "http://www.queenalice.com/game.php?id=1126462"]
[Date "2012.11.28"]
[Round "-"]
[White "clovis"]
[Black "daxois"]
[Result "0-1"]
[WhiteElo "1892"]
[BlackElo "2143"]

1. e4 c6 2. d4 d5 3. exd5 cxd5 4. c4 Nc6 5. Nc3 Nf6 6. Nf3 Bg4 7. c5 Bxf3 8.
gxf3 Qc7 9. Bb5 e6 10. Be3 Nh5 11. Qa4 Be7 12. Rg1 Bf6 13. Rg4 O-O 14. O-O-O a6
15. Bxc6 bxc6 16. Rdg1 g6 17. Qd1 e5 18. f4 exf4 19. Bd2 Bxd4 20. Rg5 Ng7 21. h4
Ne6 22. R5g4 Bxf2 23. R1g2 Be3 24. h5 Qe5 25. hxg6 fxg6 26. Qc2 Rf6 27. Kb1 f3
28. Rxg6+ hxg6 29. Rxg6+ Rxg6 30. Qxg6+ Ng7 31. Qxc6 Rd8 32. Bxe3 Qxe3 33. Qb6
Ne6 0-1

[Event "Challenge"]
[Site "http://www.queenalice.com/game.php?id=1130507"]
[Date "2012.12.12"]
[Round "-"]
[White "clovis"]
[Black "daxois"]
[Result "0-1"]
[WhiteElo "1946"]
[BlackElo "2183"]

1. e4 c5 2. Nf3 Nc6 3. Bb5 d6 4. O-O Bd7 5. Nc3 e5 6. d3 Nf6 7. Bg5 Be7 8. Bxf6
Bxf6 9. Nd5 O-O 10. c3 a6 11. Ba4 b5 12. Bc2 a5 13. d4 exd4 14. Nxf6+ Qxf6 15.
cxd4 cxd4 16. a3 Rfc8 17. Qd3 Ne5 18. Nxe5 dxe5 19. f4 Be6 20. fxe5 Qxe5 21. Rf3
Rc5 22. Raf1 Rac8 23. Rf5 Bxf5 24. Rxf5 Qxf5 25. exf5 Rxc2 26. Qxb5 h6 27. f6 g6
28. Qd3 Rxb2 29. h4 Rc1+ 30. Kh2 Rcc2 31. Qxd4 Rxg2+ 32. Kh1 Rgd2 0-1

[Event "Challenge"]
[Site "http://www.queenalice.com/game.php?id=1131102"]
[Date "2012.12.14"]
[Round "-"]
[White "Rafale2000"]
[Black "daxois"]
[Result "0-1"]
[WhiteElo "2055"]
[BlackElo "2209"]

1. e4 Nf6 2. e5 Nd5 3. c4 Nb6 4. c5 Nd5 5. Bc4 e6 6. Nc3 Nxc3 7. dxc3 Nc6 8. Bf4
Bxc5 9. Qg4 Bf8 10. h4 f5 11. exf6 Qxf6 12. Nf3 Bd6 13. Bg5 Qf7 14. O-O-O O-O
15. h5 Bf4+ 16. Kb1 h6 17. Qxf4 Qxf4 18. Bxf4 Rxf4 19. Rh4 Rxh4 20. Nxh4 d6 21.
Ng6 Bd7 22. Re1 Kf7 23. Re3 Re8 24. Kc2 Na5 25. Bd3 Nc6 26. Nh4 Kg8 27. Bg6 Rf8
28. f3 Ne7 29. Bd3 Nd5 30. Re4 Nf4 31. Rb4 Nxd3 32. Kxd3 Bc6 33. c4 b6 34. Rb3
Be8 35. g4 g5 36. Rc3 gxh4 0-1

[Event "Challenge"]
[Site "http://www.queenalice.com/game.php?id=1132026"]
[Date "2012.12.17"]
[Round "-"]
[White "daxois"]
[Black "clovis"]
[Result "1-0"]
[WhiteElo "2201"]
[BlackElo "1973"]

1. a3 e5 2. c4 Nf6 3. Nc3 Bc5 4. b4 Bd4 5. Bb2 O-O 6. Nf3 d5 7. e3 Re8 8. Nxd4
exd4 9. Nxd5 Nxd5 10. cxd5 dxe3 11. dxe3 Bf5 12. Qd4 Qg5 13. h4 Qg4 14. Qxg4
Bxg4 15. Rc1 c6 16. Bc4 cxd5 17. Bxd5 Nc6 18. O-O Rac8 19. f3 Be6 20. e4 Bxd5
21. exd5 Nb8 22. Kf2 Nd7 23. Bd4 Nf6 24. Bxf6 gxf6 25. Rc5 Rxc5 26. bxc5 Rc8 27.
Rc1 Kf8 28. d6 Ke8 29. Re1+ Kd7 30. Re7+ Kc6 31. Rxf7 b6 32. cxb6 axb6 33. d7
Rd8 34. Rxh7 Kc5 35. Rf7 b5 36. h5 Kc4 37. h6 Kb3 38. h7 Kxa3 39. Rxf6 b4 40.
Ra6+ Kb2 41. g4 b3 42. Rb6 Kc2 43. g5 b2 44. g6 1-0

[Event "Challenge"]
[Site "http://www.queenalice.com/game.php?id=1132027"]
[Date "2012.12.17"]
[Round "-"]
[White "clovis"]
[Black "daxois"]
[Result "0-1"]
[WhiteElo "1995"]
[BlackElo "2191"]

1. e4 g6 2. Nf3 Bg7 3. Nc3 d6 4. Bc4 Nf6 5. O-O c6 6. d4 O-O 7. Bg5 Bg4 8. Qe2
Nbd7 9. h3 Bxf3 10. Qxf3 Qa5 11. Bd2 Qb4 12. Bb3 Qxd4 13. Rad1 Qc5 14. Rfe1 Qh5
15. Qxh5 Nxh5 16. f3 Nc5 17. Be3 Nxb3 18. axb3 Be5 19. Bd4 Bxd4+ 20. Rxd4 Rfd8
21. Red1 Rd7 22. Kf2 Rad8 23. Ke3 e5 24. R4d3 Nf4 25. R3d2 h5 26. h4 d5 27. exd5
cxd5 28. g3 d4+ 29. Ke4 f5+ 30. Kxe5 Nh3 31. Rxd4 Re8+ 32. Kf6 Rf7+ 33. Kxg6
Re6+ 0-1

[Event "Challenge"]
[Site "http://www.queenalice.com/game.php?id=1135729"]
[Date "2012.12.30"]
[Round "-"]
[White "Alain91"]
[Black "daxois"]
[Result "1-0"]
[WhiteElo "2147"]
[BlackElo "2212"]

1. e4 c5 2. Bc4 Nc6 3. f4 d6 4. Nf3 e5 5. O-O Nh6 6. d3 Bg4 7. Nc3 Qd7 8. fxe5
Bxf3 9. Rxf3 Nxe5 10. Bb5 Nc6 11. Bxh6 gxh6 12. Bc4 O-O-O 13. Rxf7 Qe8 14. Qg4+
Kb8 15. Bd5 h5 16. Qf5 Bh6 17. Rf1 Be3+ 18. Kh1 h6 19. Nb5 c4 20. d4 Na5 21. Nc7
Qa4 22. Ne6 Rc8 23. e5 1-0

[Event "Challenge"]
[Site "http://www.queenalice.com/game.php?id=1135730"]
[Date "2012.12.30"]
[Round "-"]
[White "clovis"]
[Black "daxois"]
[Result "1-0"]
[WhiteElo "1978"]
[BlackElo "2228"]

1. e4 c5 2. Nf3 Nc6 3. Bb5 d6 4. O-O Nf6 5. e5 Nd5 6. d4 e6 7. c4 Nc7 8. dxc5
Nxb5 9. cxb5 Nxe5 10. Nxe5 dxe5 11. Qxd8+ Kxd8 12. Nc3 Bxc5 13. Bg5+ f6 14.
Rad1+ Ke7 15. Ne4 Bd4 16. Bc1 Bd7 17. b3 Bxb5 18. Ba3+ Kd7 19. Nc5+ Kc6 20. Rfe1
Rhe8 21. Nxe6 Bxf2+ 22. Kxf2 Rxe6 23. Rc1+ Kb6 24. Bc5+ Kc7 25. Bxa7+ Bc6 26.
Bc5 Rxa2+ 27. Ke3 Rxg2 28. b4 Rxh2 29. Bf8 b5 30. Ra1 f5 31. Bxg7 f4+ 32. Kd3
e4+ 33. Kd4 Rd2+ 34. Kc3 e3 35. Ra7+ Kb8 36. Rf7 Re4 37. Bh6 Rc4+ 38. Kb3 Rd3+
39. Ka2 Rd2+ 40. Kb3 Rf2 41. Rd1 Rd2 42. Rg1 Be4 43. Rg8+ Rc8 44. Bxf4+ Rd6 45.
Bxd6+ 1-0

[Event "Challenge"]
[Site "http://www.queenalice.com/game.php?id=1135731"]
[Date "2012.12.30"]
[Round "-"]
[White "daxois"]
[Black "clovis"]
[Result "1-0"]
[WhiteElo "2220"]
[BlackElo "2018"]

1. f4 e5 2. e4 exf4 3. Nf3 d5 4. exd5 Nf6 5. Bb5+ c6 6. dxc6 Nxc6 7. Qe2+ Be6 8.
d4 Be7 9. Bxf4 O-O 10. Bxc6 bxc6 11. O-O Nd5 12. Bd2 Bf6 13. c3 Re8 14. Ne5 Bxe5
15. dxe5 Qd7 16. Na3 Bg4 17. Qf2 Bh5 18. Rae1 Bg6 19. Qg3 Qc7 20. Nc4 Nb6 21.
Nd6 Re6 22. c4 Nd7 23. Bc3 Nc5 24. b4 Na4 25. c5 Nxc3 26. Qxc3 a5 27. a3 axb4
28. Qxb4 Rb8 29. Qc4 Rb2 30. h4 Qe7 31. Qg4 h5 32. Qd4 Ra2 33. a4 f6 34. Qc4 Rd2
35. exf6 1-0

[Event "Challenge"]
[Site "http://www.queenalice.com/game.php?id=1136534"]
[Date "2013.1.3"]
[Round "-"]
[White "daxois"]
[Black "denisan"]
[Result "0-1"]
[WhiteElo "2207"]
[BlackElo "2437"]

1. f4 Nf6 2. Nf3 g6 3. Nc3 d5 4. e3 Bg7 5. Bd3 O-O 6. O-O c5 7. b3 Nc6 8. Bb2
Ne4 9. Bxe4 dxe4 10. Ng5 f5 11. Qe2 e6 12. Na4 b6 13. Bc3 Qe7 14. Qc4 Bxc3 15.
dxc3 Bd7 16. Nb2 h6 17. Nh3 Qf6 18. Rad1 Rad8 19. a4 Ne7 0-1

[Event "Challenge"]
[Site "http://www.queenalice.com/game.php?id=1137163"]
[Date "2013.1.4"]
[Round "-"]
[White "daxois"]
[Black "eddval"]
[Result "1-0"]
[WhiteElo "2222"]
[BlackElo "2131"]

1. f4 e5 2. fxe5 d6 3. exd6 Bxd6 4. Nf3 Nh6 5. e4 Ng4 6. g3 Nxh2 7. Rxh2 Bxg3+
8. Rf2 Bxf2+ 9. Kxf2 O-O 10. d4 Bg4 11. Nc3 Nd7 12. Bf4 Nf6 13. Bg2 Re8 14. Qd3
b5 15. Ne5 b4 16. Nc6 Qd7 17. Nxb4 Rab8 18. a3 a5 19. Na6 Rxb2 20. Nxc7 Rc8 21.
N7b5 h6 22. Bc1 Rxb5 23. Nxb5 Qc6 24. c3 Bh5 25. Bf4 Bg6 26. Re1 a4 27. Kg1 Nd7
28. Re3 Nb6 29. Na7 Qb7 30. Nxc8 Qxc8 31. Qb5 Nc4 32. Bh3 f5 33. Rg3 Be8 34. Qb4
Qa6 35. Qe7 Bf7 36. Bxf5 Qb6 37. Bxh6 Qxh6 38. Qd8+ 1-0

[Event "Challenge"]
[Site "http://www.queenalice.com/game.php?id=1139922"]
[Date "2013.1.12"]
[Round "-"]
[White "clovis"]
[Black "daxois"]
[Result "0-1"]
[WhiteElo "2020"]
[BlackElo "2202"]

1. e4 c5 2. Nf3 d6 3. d4 cxd4 4. Qxd4 Nc6 5. Bb5 Bd7 6. Qd3 Nf6 7. Nc3 g6 8. O-O
Bg7 9. Bg5 O-O 10. Rad1 Qa5 11. Rfe1 Nb4 12. Bxf6 Nxd3 0-1

[Event "Challenge"]
[Site "http://www.queenalice.com/game.php?id=1139923"]
[Date "2013.1.12"]
[Round "-"]
[White "daxois"]
[Black "clovis"]
[Result "1-0"]
[WhiteElo "2209"]
[BlackElo "1967"]

1. e3 e5 2. b3 Nf6 3. Bb2 Nc6 4. Bb5 Bc5 5. Bxc6 dxc6 6. Bxe5 O-O 7. Nf3 Re8 8.
d4 Bb6 9. O-O Bg4 10. h3 Bh5 11. Nbd2 c5 12. Nc4 cxd4 13. Nxb6 axb6 14. exd4 Qd5
15. c4 Bxf3 16. Qxf3 Qxf3 17. gxf3 c5 18. Bxf6 gxf6 19. d5 Re2 20. a4 Rae8 21.
Rfb1 Kf8 22. a5 Rc2 23. axb6 Ree2 24. Rf1 Rb2 25. Ra7 Rxb3 26. Rxb7 Reb2 27. d6
Rxb6 28. d7 Ke7 29. Re1+ 1-0

[Event "Challenge"]
[Site "http://www.queenalice.com/game.php?id=1145983"]
[Date "2013.1.27"]
[Round "-"]
[White "jeancarlo1910"]
[Black "daxois"]
[Result "0-1"]
[WhiteElo "1828"]
[BlackElo "2236"]

1. e4 c5 2. Nf3 Nc6 3. g3 d6 4. Bg2 g6 5. O-O Bg7 6. d3 Nf6 7. Nc3 O-O 8. Bg5 h6
9. Bxf6 Bxf6 10. a3 Bg4 11. Qe1 Bg7 12. Rb1 Qd7 13. Nd5 b5 14. Nh4 Rab8 15. f4
Bd4+ 16. Kh1 Kh7 17. c3 Bg7 18. Ne3 Be6 19. f5 Bb3 20. fxg6+ fxg6 21. Qd2 a5 22.
Qe2 b4 23. axb4 axb4 24. cxb4 Nxb4 25. Nd5 Bc2 26. Rxf8 Rxf8 27. Rc1 Bxd3 28.
Qe3 Bxb2 29. Nxb4 Bxc1 30. Qxd3 cxb4 31. e5 Rg8 32. Qc4 Bg5 33. e6 Qc8 34. Qe2
Qc1+ 0-1

[Event "Challenge"]
[Site "http://www.queenalice.com/game.php?id=1147968"]
[Date "2013.2.1"]
[Round "-"]
[White "clovis"]
[Black "daxois"]
[Result "0-1"]
[WhiteElo "1963"]
[BlackElo "2214"]

1. e4 d6 2. d4 Nf6 3. Nc3 g6 4. Bg5 Bg7 5. Qd2 O-O 6. O-O-O c6 7. h4 h5 8. f3
Qa5 9. Kb1 Re8 10. g4 Nbd7 11. Be2 c5 12. gxh5 Nxh5 13. Nd5 Qd8 14. f4 Ng3 15.
Rh2 Nxe4 16. Qd3 Nxg5 17. hxg5 cxd4 18. Qh3 Nf8 19. Qh4 Be6 20. Nb4 Qb6 21. Nd3
Bf5 22. b3 e5 23. Nf3 e4 24. Nfe5 dxe5 25. Rdh1 exd3 26. Bxd3 e4 27. Bc4 Rac8
0-1

[Event "Challenge"]
[Site "http://www.queenalice.com/game.php?id=1148125"]
[Date "2013.2.2"]
[Round "-"]
[White "daxois"]
[Black "clovis"]
[Result "1-0"]
[WhiteElo "2218"]
[BlackElo "1964"]

1. c4 Nf6 2. g3 e6 3. Bg2 d5 4. cxd5 exd5 5. Nf3 Bd6 6. O-O O-O 7. d3 Re8 8. Nc3
c6 9. Bd2 Bg4 10. h3 Bh5 11. Qc2 Nbd7 12. Rfe1 Ne5 13. Nxe5 Bxe5 14. f4 Bd4+ 15.
e3 Bb6 16. Na4 Re7 17. Nxb6 Qxb6 18. g4 Bxg4 19. hxg4 Nxg4 20. Qb3 Rae8 21. Qxb6
axb6 22. e4 dxe4 23. dxe4 Rd8 24. Bc3 c5 25. Rad1 Red7 26. Rd5 Rxd5 27. exd5 1-0

[Event "Challenge"]
[Site "http://www.queenalice.com/game.php?id=1151847"]
[Date "2013.2.14"]
[Round "-"]
[White "clovis"]
[Black "daxois"]
[Result "1/2-1/2"]
[WhiteElo "1950"]
[BlackElo "2235"]

1. e4 d5 2. exd5 Qxd5 3. Nc3 Qa5 4. d4 Nf6 5. Nf3 Bg4 6. Bc4 Nc6 7. O-O O-O-O 8.
Bf4 e5 9. Bg3 Nxd4 10. Qc1 Bxf3 11. gxf3 Nxf3+ 12. Kg2 Nd2 13. Bxf7 Nxf1 14.
Qxf1 Bb4 15. a3 Bxc3 16. bxc3 Qxc3 17. Rb1 Qc6+ 18. Kg1 Ne4 19. c4 Nd2 20. Qh3+
Kb8 21. Bd5 Rxd5 22. cxd5 Qxd5 23. Rb2 Nf3+ 24. Kf1 Qd1+ 25. Kg2 Ne1+ 1/2-1/2

[Event "Challenge"]
[Site "http://www.queenalice.com/game.php?id=1151996"]
[Date "2013.2.14"]
[Round "-"]
[White "daxois"]
[Black "clovis"]
[Result "1-0"]
[WhiteElo "2231"]
[BlackElo "1959"]

1. f4 e5 2. fxe5 d6 3. exd6 Nf6 4. dxc7 Qxc7 5. e3 Bd6 6. Bb5+ Nc6 7. Nf3 Bxh2
8. Nxh2 Qg3+ 9. Kf1 O-O 10. Bxc6 bxc6 11. Nc3 Re8 12. Qf3 Qg6 13. d3 Re5 14.
Qxc6 Rf5+ 15. Nf3 Rb8 16. Qc7 h5 17. Qxb8 Rxf3+ 18. gxf3 Qf5 19. Ke2 1-0

[Event "Challenge"]
[Site "http://www.queenalice.com/game.php?id=1152351"]
[Date "2013.2.15"]
[Round "-"]
[White "eddval"]
[Black "daxois"]
[Result "0-1"]
[WhiteElo "2140"]
[BlackElo "2227"]

1. e4 c5 2. Nf3 d6 3. d4 cxd4 4. Nxd4 Nf6 5. Nc3 g6 6. Be2 Bg7 7. Be3 Bd7 8. Qd2
Qa5 9. O-O O-O 10. h3 Nc6 11. f4 Nxd4 12. Qxd4 Ng4 13. Qd2 Nxe3 14. Qxe3 Rfc8
15. Nd5 Rxc2 16. Nxe7+ Kf8 17. Nd5 Re8 18. Bd3 Rxb2 19. Bc4 Qa4 20. Bb3 Qxe4 21.
Qxe4 Rxe4 22. Rae1 Rd4 23. Rf2 Rxb3 24. axb3 Rxd5 25. Rc2 Be6 26. g4 Bd4+ 27.
Kg2 Rb5 28. f5 gxf5 29. gxf5 Bxb3 30. Rc7 Rxf5 31. Kg3 b5 32. Ree7 a5 33. Rb7
Bc4 34. Kg4 Rf6 35. h4 a4 36. Re4 Bc5 37. h5 Kg7 38. Kg5 Bd5 0-1

[Event "Challenge"]
[Site "http://www.queenalice.com/game.php?id=1154991"]
[Date "2013.2.23"]
[Round "-"]
[White "daxois"]
[Black "PROFILER"]
[Result "1-0"]
[WhiteElo "2246"]
[BlackElo "2164"]

1. f4 d5 2. Nf3 Nf6 3. e3 e6 4. b3 Bd6 5. Bb2 O-O 6. Nc3 c6 7. Bd3 Nbd7 8. O-O
e5 9. Nb5 Bb8 10. fxe5 Ng4 11. Nd6 Qe7 12. Nf5 Qe8 13. e6 Nde5 14. Nxe5 Nxe5 15.
e7 1-0

[Event "Challenge"]
[Site "http://www.queenalice.com/game.php?id=1154992"]
[Date "2013.2.23"]
[Round "-"]
[White "PROFILER"]
[Black "daxois"]
[Result "1-0"]
[WhiteElo "2209"]
[BlackElo "2256"]

1. e4 c5 2. Nf3 Nc6 3. Bb5 Nf6 4. Nc3 a6 5. Bxc6 dxc6 6. h3 Qc7 7. e5 Nd5 8. O-O
Bf5 9. d3 O-O-O 10. Bg5 h6 11. Bh4 g5 12. Bg3 Qb6 13. Na4 Qa5 14. b3 e6 15. Qe1
Qc7 16. Nb2 Nb4 17. Qd2 g4 18. Nh4 gxh3 19. Nxf5 hxg2 20. Kxg2 exf5 21. c4 Rg8
22. Qf4 Rg5 23. Kf3 1-0

[Event "Challenge"]
[Site "http://www.queenalice.com/game.php?id=1158942"]
[Date "2013.3.7"]
[Round "-"]
[White "daxois"]
[Black "KLEOJ"]
[Result "1-0"]
[WhiteElo "2237"]
[BlackElo "2139"]

1. g3 e5 2. Bg2 d5 3. d4 e4 4. c4 c6 5. Nc3 Nf6 6. cxd5 cxd5 7. Bg5 Be7 8. Qb3
Nbd7 9. Nh3 O-O 10. Nxd5 Nxd5 11. Qxd5 Nf6 12. Qxd8 Rxd8 13. e3 Bb4+ 14. Kf1 b6
15. Bxf6 gxf6 16. a3 Bd6 17. Nf4 Bxf4 18. Bxe4 Bh3+ 19. Ke2 Rac8 20. gxf4 f5 21.
Bd3 Kh8 22. Rac1 Rg8 23. Rxc8 Rxc8 24. Rg1 Rc6 25. f3 Rh6 26. Rg3 Bg4 27. fxg4
Rxh2+ 28. Kf3 fxg4+ 29. Rxg4 h5 30. Rg2 Rh3+ 31. Ke2 h4 32. d5 1-0